000 00415nam a2200145Ia 4500
008 151213s9999 xx 000 0 und d
100 _aS. Pit Conden
245 _aIntroducing Applied Linguistic
_cS. Pit Conden
260 _aLondon Penguin Group
_bLondon S. Pitcorden Ltd.
_c1973
300 _a3578 p.
650 _aEnglish Literature
650 _aEnglish Literature
700 _aS. Pit Conden
999 _c2381
_d2381